Les Pères latins /

Bibliographic Details
Main Author: Campenhausen, Hans von, 1903-1989
Format: Book
Language:French
Published: [Paris] : Éditions de l'Orante, [1967]
Series:Livre de vie ; 96.
Subjects:

MARC

Tag First Indicator Second Indicator Subfields
LEADER 00000cam a2200000Ia 4500
001 in00002000786
005 20151031123716.0
008 921208s1967 fr 000 0 fre d
035 |a (OCoLC)ocm27085667 
040 |a BHC  |c BHC  |d UtOrBLW 
049 |a TXAM 
090 |a BR1706  |b .C314 1967 
100 1 |a Campenhausen, Hans von,  |d 1903-1989. 
245 1 4 |a Les Pères latins /  |c traduit de l'allemand par C.A. Moreau. 
264 1 |a [Paris] :  |b Éditions de l'Orante,  |c [1967] 
264 4 |c ©1967 
300 |a 379 pages ;  |c 18 cm. 
336 |a text  |b txt  |2 rdacontent 
337 |a unmediated  |b n  |2 rdamedia 
338 |a volume  |b nc  |2 rdacarrier 
490 1 |a Livre de vie ;  |v 96 
500 |a Translation of: Die Lateinische Kirchenväter. 
504 |a Bibliography: pages [363]-369. 
536 |a From the Biblioteca Asensio April 2004. 
650 0 |a Fathers of the church, Latin. 
830 0 |a Livre de vie ;  |v 96. 
948 |a cataloged  |b h  |c 2004/10/18  |d c  |e cmulkey  |f 12:16:15 pm 
994 |a C0  |b TXA 
999 |a MARS 
999 f f |s f34fc1ce-a646-3bac-806d-28aa093629c6  |i 8f61146a-d885-38d6-9a49-34c863b68774  |t 0 
952 f f |p ric  |a Texas A&M University  |b Rellis Campus  |c Joint Library Facility  |d Remote Storage  |t 0  |e BR1706 .C314 1967  |h Library of Congress classification  |i unmediated -- volume  |m A14832274349 
998 f f |a BR1706 .C314 1967  |t 0  |l Remote Storage